Un Recorrido por los archivos históricos provinciales de Extremadura
ISBN:
978-84-9852-048-4
Descripción Física:
189 p. : il. ; 23 cm
MARC
| LEADER | 00000nam a2200000Ia 4500 | ||
|---|---|---|---|
| 001 | 19593 | ||
| 008 | 160829s2007 xx 000 0 cat d | ||
| 020 | |a 978-84-9852-048-4 | ||
| 080 | |a A-2-305 | ||
| 245 | |a Un Recorrido por los archivos históricos provinciales de Extremadura | ||
| 260 | |a Extremadura : |b Junta de Extremadura. Consejería de Cultura y Turismo, |c 2007 | ||
| 300 | |a 189 p. : |b il. ; |c 23 cm | ||
| 590 | |a Catàleg de l'exposició amb el mateix nom celebrada a: Archivo Histórico Provincial de Cáceres, Sala de Exposiciones, del 28 de novembre de 2007 al 5 de gener de 2008 i Archivo Histórico Provincial de Badajoz, Sala de Exposiciones Europa, del 17 de gener al 16 de febrer de 2008 | ||
| 650 | |a Archivo Histórico Provincial de Badajoz |x Exposicions |9 40071 | ||
| 650 | |a Archivo Histórico Provincial de Cáceres |x Exposicions |9 40072 | ||
| 710 | 1 | |a Extremadura. |b Consejería de Cultura y Turismo |9 54128 | |
| 901 | |a Arxiu | ||
| 942 | |n 1 | ||
| 952 | |0 0 |1 0 |4 0 |6 A2305 |7 1 |9 49398 |a Arxiu |b Arxiu |d 2016-12-01 |l 0 |o A-2-305 |p 19593 |r 2016-12-01 00:00:00 |w 2016-12-01 |y ARXIU | ||
| 999 | |c 53240 |d 53240 | ||